Deutschlands WM Sieg 2014 - Statistiken

Allgemein
  • Dieses Quiz wurde 293 mal gespielt
  • Das Durchschnittsergebnis liegt bei 14 aus 28
Antwortstatistiken
Hint Antwort % Korrekt
1. Spieltag Portugal
93%
Torschütze Müller
65%
Finale Argentinien
62%
Halbfinale Brasilien
62%
2. Spieltag Ghana
61%
Viertelfinale Frankreich
60%
Achtelfinale Algerien
59%
Torschütze Götze
59%
3. Spieltag USA
58%
Torschütze Klose
56%
Torschütze Müller
56%
Torschütze Kroos
55%
Torschütze Schürrle
54%
Torschütze Hummels
53%
Torschütze Khedira
53%
Torschütze Müller
47%
Torschütze Klose
46%
Ergebnis 2:2
44%
Torschütze Özil
44%
Torschütze Hummels
43%
Torschütze Schürrle
38%
Torschütze Götze
37%
Ergebnis Sieg 4:0
29%
Ergebnis Sieg 1:0
28%
Ergebnis Sieg 7:1
28%
Ergebnis Sieg 1:0
27%
Ergebnis Sieg 2:1
27%
Ergebnis Sieg 1:0
26%
Keine übereinstimmenden Quizze gefunden
Verteilung der Resultate
Anzahl Personen mit jedem Resultat
Perzentil nach korrekt beantworteten Fragen
Ihre Resultats-Entwicklung
Sie haben dieses Quiz noch nicht gespielt